| 000 | 01320nam0a22003131 4500 | ||
|---|---|---|---|
| 001 | rc\3502639 | ||
| 005 | 20260407025605.0 | ||
| 021 |
_aRU _b[72-76231] |
||
| 035 | _a(NLR Aleph) 007653749 | ||
| 090 |
_a6257103 _c6257103 |
||
| 100 | _a20130115d1972 |||y0rusy50 ca | ||
| 101 | 0 | _arus | |
| 102 | _aRU | ||
| 105 | _aa b ||||| | ||
| 200 | 1 |
_aОтечественный и зарубежный опыт механической очистки труб и металлопроката от окалины и ржавчины _e(Обзор) _fМинмонтажспецстрой СССР. Главнефтемонтаж. Гипронефтеспецмонтаж. ЦБНТИ |
|
| 210 |
_aМосква _cБ. и. _d1972 |
||
| 215 |
_a41 с. _cил. _d20 |
||
| 300 | _aСост. указаны на обороте тит. л. | ||
| 320 | _aСписок лит. в конце текста (17 назв.) | ||
| 606 |
_aПрокат _xОчистка _2psbo |
||
| 606 |
_aТрубы _xОчистка _2psbo |
||
| 700 | 1 |
_aБерг _bА.И. _4220 |
|
| 701 | 1 |
_aГиливер _bИ.М. _4220 |
|
| 712 | 0 | 2 |
_a"Гипронефтеспецмонтаж", институт _cМосква _3RU\NLR\AUTH\8810011397 _9520502 |
| 801 | 0 |
_aRU _bNLR _gpsbo |
|
| 801 | 1 |
_aRU _bELAR _2rusmarc |
|
| 852 |
_aNLR _j72-4/27391 |
||
| 942 | _cBOOK | ||
| 980 | _aNB | ||